Each Member of the Mighty Avengers Quiz Stats

 Plays Quiz not verified by Sporcle

Challenge
Share
Tweet
Score 0/30 Timer 10:00
0 Plays Today
% Correct
Hulk
97.5%
Black Widow
96.9%
Iron Man
96.3%
Hercules
93.2%
Quicksilver
92.6%
Vision (Jonas)
90.7%
Wasp (Janet van Dyne)
90.7%
Ms. Marvel
89.5%
Spider-Man (Otto Octavius)
89.5%
Spider-Man (Peter Parker)
89.5%
Luke Cage
88.9%
She-Hulk
88.3%
Wasp (Hank Pym)
87%
Blade
84.6%
Captain America (Sam Wilson)
84.6%
% Correct
Ares
84%
U.S. Agent
80.9%
Sentry
79%
White Tiger
76.5%
Jocasta
75.3%
Wonder Man
75.3%
Spectrum
66%
Stature
61.1%
Jessica Jones
56.8%
Power Man (Victor Alvarez)
55.6%
Blue Marvel
54.3%
Kaluu
22.2%
Constance Molina
3.7%
Dave Griffith
3.7%
Soraya Khorasani
3.1%

You're not logged in!

Compare scores with friends on all Sporcle quizzes.
OR
Log In

You Might Also Like...

Show Comments

Extras

Top Quizzes Today


Score Distribution

Your Account Isn't Verified!

In order to create a playlist on Sporcle, you need to verify the email address you used during registration. Go to your Sporcle Settings to finish the process.

Report this User

Report this user for behavior that violates our Community Guidelines.

Details: